书目信息 |
| 题名: |
材料力学常见题型解析及模拟题
|
|
| 作者: | 蒋持平 主编 | |
| 分册: | ||
| 出版信息: | 北京 国防工业出版社 2009.10 |
|
| 页数: | 10, 262页 | |
| 开本: | 26cm | |
| 丛书名: | ||
| 单 册: | ||
| 中图分类: | TB301-44 | |
| 科图分类: | ||
| 主题词: | 材料力学--cai liao li xue--研究生--入学考试--解题 | |
| 电子资源: | ||
| ISBN: | 978-7-118-06553-4 | |
| 000 | 00884nam0 2200241 450 | |
| 001 | 012010104752 | |
| 005 | 20100605095829.20 | |
| 010 | @a978-7-118-06553-4@dCNY32.00 | |
| 100 | @a20100604d2009 em y0chiy0120 ea | |
| 101 | 0 | @achi |
| 102 | @aCN@b110000 | |
| 105 | @aa q 000yy | |
| 106 | @ar | |
| 200 | 1 | @a材料力学常见题型解析及模拟题@Acai liao li xue chang jian ti xing jie xi ji mo ni ti@f蒋持平主编@Fjiang chi ping zhu bian |
| 210 | @a北京@c国防工业出版社@d2009.10 | |
| 215 | @a10, 262页@c图@d26cm | |
| 300 | @a考研新干线 | |
| 330 | @a本书内容包括:轴向拉压应力与材料的力学性能、轴向拉压变形、扭转、弯曲内力、弯曲应力与截面几何性质、弯曲变形、应力应变状态分析等。 | |
| 606 | 0 | @a材料力学@Acai liao li xue@x研究生@x入学考试@j解题 |
| 690 | @aTB301-44@v4 | |
| 701 | 0 | @a蒋持平@Ajiang chi ping@4主编 |
| 801 | 0 | @aCN@bQSSK@c20100605 |
| 905 | @b781498-500@dTB301-44@eJ554@f3 | |
| 材料力学常见题型解析及模拟题/蒋持平主编.-北京:国防工业出版社,2009.10 |
| 10, 262页:图;26cm |
| 考研新干线 |
| ISBN 978-7-118-06553-4:CNY32.00 |
| 本书内容包括:轴向拉压应力与材料的力学性能、轴向拉压变形、扭转、弯曲内力、弯曲应力与截面几何性质、弯曲变形、应力应变状态分析等。 |
| ● |
| 相关链接 |
|
|
|
正题名:材料力学常见题型解析及模拟题
索取号:TB301-44/J554
 
预约/预借
| 序号 | 登录号 | 条形码 | 馆藏地/架位号 | 状态 | 备注 |
| 1 | 781498 | 207814980 | 自科库501/501自科库 12排1列3层/ [索取号:TB301-44/J554] | 在馆 | |
| 2 | 781499 | 207814999 | 自科库501/501自科库 12排1列3层/ [索取号:TB301-44/J554] | 在馆 | |
| 3 | 781500 | 207815006 | 自科库501/ [索取号:TB301-44/J554] | 在馆 |